00519nam a2200169Ia 450000500170000001000130001702000320003003500130006203500170007503700190009208200120011110000210012324500800014426000350022427000690025930000210032820150415103918.0 aBAC-CH25 a9780143330974 c199.00 aG-003135 aB-556689-722 bAakar/Venadpl a658.421 aBagchi, Subroto  aMBA at 16: A Teenager's Guide to the World of Business /cby Subroto Bagchi aNew DelhibPenguin Booksc2012 a11, community Centre, Panchsheel ParkbNew Delhie110017 (India) a157p.c19cm(pbk)